Filming horror : (Record no. 145058)

MARC details
000 -LEADER
fixed length control field 00617nam a22001817a 4500
005 - DATE AND TIME OF LATEST TRANSACTION
control field 20170920121417.0
010 ## - LCCN (DPL NO)
LC control number 1718EN-30
020 ## - INTERNATIONAL STANDARD BOOK NUMBER
International Standard Book Number 9789351508724
Terms of availability 695.00
037 ## - SOURCE OF ACQUISITION
Source of stock number/acquisition TBI
Stock number dpl
100 ## - MAIN ENTRY--PERSONAL NAME
Personal name Mubarki, Meraj Ahmed
245 ## - TITLE STATEMENT
Title Filming horror :
Statement of responsibility, etc by Meraj Ahmed Mubarki
Remainder of title Hindi cinema, ghosts and ideologies /
260 ## - PUBLICATION, DISTRIBUTION, ETC. (IMPRINT)
Place of publication, distribution, etc New Delhi
Name of publisher, distributor, etc SAGE Publications
Date of publication, distribution, etc 2016
270 ## - ADDRESS
Address B1/I-1 Mohan Cooperative Industrial Area, Mathura Road
City New Delhi
Postal code 110044
300 ## - PHYSICAL DESCRIPTION
Extent xvi,196p.
Dimensions 23cm(Hb)
500 ## - GENERAL NOTE
General note Includes bibliographical references and index.
942 ## - ADDED ENTRY ELEMENTS (KOHA)
Source of classification or shelving scheme Dewey Decimal Classification
Item type English Books
Call number suffix MUB

No items available.


© Delhi Public Library
Hit Counter
free hit counter